Dva roky čakania : Strieborný lesk na hladinách

Podrobná bibliografia
Hlavný autor: (bo) (Author)
Médium: Článok
Jazyk:Slovak
Témy:
Zdroj: 1. Lúč 1. Roč. 4, č. 104(1995), dát. 0506, s. 3
LEADER 00743nab#a2200301#ar4500
001 000011313
003 SVKKK
005 00000000000000.0
008 c xo e sloo
FMT
038 |a SVKKK 
040 |a SVKKK  |b slo  |e AACR2 
041 0 |a slo 
044 |a xo  |c SK 
080 |a 627.8  |2 1981 
080 |a 639.  |2 1981 
100 0 |a (bo)  |4 aut 
245 1 0 |a Dva roky čakania :  |b Strieborný lesk na hladinách  |c (bo) , 
650 0 4 |a nádrže vodné  |z Slovensko východné 
650 0 4 |a zarybnenie  |x informácie 
773 0 |t Lúč  |g Roč. 4, č. 104(1995), dát. 0506, s. 3 
957 |a Slovensko východné 
958 |a RE 
974 |d 960628  |a Čr 
992 |a RBX 
BAS
852 |a SVKKK  |b BIB 
998 |a REG